Nihon Kyōsantō shi,
Saved in:
| Main Author: | |
|---|---|
| Format: | Book |
| Language: | Japanese |
| Published: |
[Tōkyō]
Gendai Shichōsha,
1965.
|
| Edition: | Kaiteiban. |
| Subjects: | |
| Tags: |
Add Tag
No Tags, Be the first to tag this record!
|
| LEADER | 00779nam a2200241u 4500 | ||
|---|---|---|---|
| 001 | 007743342-4 | ||
| 005 | 20024617115958.0 | ||
| 008 | 891221s1965 ja 000 0 jpn d | ||
| 035 | 0 | |a ocm20811628 | |
| 040 | |a CLU |c CLU |d OCoLC |d *YNH* |d CStRLIN | ||
| 100 | 1 | |6 880-01 |a Tagawa, Kazuo. | |
| 245 | 1 | 0 | |6 880-02 |a Nihon Kyōsantō shi, |c Tagawa Kazuo cho. |
| 250 | |6 880-03 |a Kaiteiban. | ||
| 260 | |6 880-04 |a [Tōkyō] |b Gendai Shichōsha, |c 1965. | ||
| 300 | |a 311 p. |c 18 cm. | ||
| 610 | 2 | 0 | |6 880-05 |a Nihon Kyōsantō |x History. |
| 880 | 1 | |6 100-01 |a 田川和夫. | |
| 880 | 1 | 0 | |6 245-02 |a 日本共產黨史, |c 田川和夫著. |
| 880 | |6 250-03 |a 改訂版. | ||
| 880 | |6 260-04 |a [東京] |b 現代思潮社, |c 1965. | ||
| 880 | 2 | 0 | |6 610-05 |a 日本共產黨 |x History. |
| 988 | |a 20021214 | ||
| 906 | |0 OCLC | ||


